Мочевины - удобные реагенты в синтезе разнообразных органических реактивов для нужд медицины и народного хозяйства; Состояние и перспективы развития ассортимента химических реактивов для важнейших отраслей народного хозяйства и научных исследований; Ч. 2

Détails bibliographiques
Parent link:Состояние и перспективы развития ассортимента химических реактивов для важнейших отраслей народного хозяйства и научных исследований: 3 Всесоюзное совещание по химическим реактивам (Ашхабат, 19-23 сентября, 1989)
Ч. 2.— 1989.— С. 72
Autres auteurs: Бакибаев А. А. Абдигали Абдиманапович, Яговкин А. Ю., Тигнибидина Л. Г., Штрыкова В. В.
Résumé:В фонде НТБ ТПУ отсутствует
Langue:russe
Publié: 1989
Sujets:
Format: Chapitre de livre
KOHA link:https://koha.lib.tpu.ru/cgi-bin/koha/opac-detail.pl?biblionumber=596509

MARC

LEADER 00000naa0a2200000 4500
001 596509
005 20250407164457.0
035 |a (RuTPU)RU\TPU\tpu\19447 
035 |a RU\TPU\tpu\19446 
090 |a 596509 
100 |a 20110610d1989 k y0rusy50 ca 
101 0 |a rus 
102 |a RU 
200 1 |a Мочевины - удобные реагенты в синтезе разнообразных органических реактивов для нужд медицины и народного хозяйства  |f А. А. Бакибаев [и др.] 
333 |a В фонде НТБ ТПУ отсутствует 
461 |t Состояние и перспективы развития ассортимента химических реактивов для важнейших отраслей народного хозяйства и научных исследований  |o 3 Всесоюзное совещание по химическим реактивам (Ашхабат, 19-23 сентября, 1989)  |o тезисы докладов 
463 |t Ч. 2  |v С. 72  |d 1989 
610 1 |a мочевина 
610 1 |a реагенты 
610 1 |a органические реактивы 
610 1 |a синтез 
610 1 |a медицина 
610 1 |a народное хозяйство 
610 1 |a применение 
610 1 |a труды учёных ТПУ 
701 1 |a Бакибаев  |b А. А.  |c химик  |c профессор Томского политехнического университета, доктор химических наук  |f 1960-  |g Абдигали Абдиманапович  |3 (RuTPU)RU\TPU\pers\27073 
701 1 |a Яговкин  |b А. Ю. 
701 1 |a Тигнибидина  |b Л. Г. 
701 1 |a Штрыкова  |b В. В. 
801 1 |a RU  |b 63413507  |c 20060914  |g PSBO 
801 2 |a RU  |b 63413507  |c 20111221  |g RCR 
942 |c BK